El bautismo ; (Record n. 20181)
[ formato base ]
| 000 -LEADER | |
|---|---|
| fixed length control field | 01127nam a2200325 i 4500 |
| 003 - CONTROL NUMBER IDENTIFIER | |
| control field | IT-RoINE |
| 005 - DATE AND TIME OF LATEST TRANSACTION | |
| control field | 20171006093530.0 |
| 008 - FIXED-LENGTH DATA ELEMENTS--GENERAL INFORMATION | |
| fixed length control field | 070606s2006 sp | r ||1 ||spa d |
| 020 ## - INTERNATIONAL STANDARD BOOK NUMBER | |
| International Standard Book Number | 8497151046 |
| 040 ## - CATALOGING SOURCE | |
| Original cataloging agency | SpMaBN |
| Language of cataloging | spa |
| Transcribing agency | IT-RoINE |
| Modifying agency | IT-RoINE |
| 041 0# - LANGUAGE CODE | |
| Language code of text/sound track or separate title | lat |
| Language code of original and/or intermediate translations of text | spa |
| 100 1# - MAIN ENTRY--PERSONAL NAME | |
| Personal name | Tertuliano, Quinto Septimio Florente, |
| 9 (RLIN) | 7908 |
| Dates associated with a name | ca. 160-ca. 230 |
| 240 10 - UNIFORM TITLE | |
| Uniform title | De baptismo. |
| Language of a work | Español |
| 245 13 - TITLE STATEMENT | |
| Title | El bautismo ; |
| Remainder of title | La oración / |
| Statement of responsibility, etc | Tertuliano ; introducción, texto crítico, traducción y notas de Salvador Vicastillo. |
| 246 15 - VARYING FORM OF TITLE | |
| Title proper/short title | La oracíon |
| 260 ## - PUBLICATION, DISTRIBUTION, ETC. (IMPRINT) | |
| Place of publication, distribution, etc | Madrid : |
| Name of publisher, distributor, etc | Ciudad Nueva, |
| Date of publication, distribution, etc | [2006]. |
| 300 ## - PHYSICAL DESCRIPTION | |
| Extent | 406 p. ; |
| Dimensions | 24 cm |
| 336 ## - CONTENT TYPE | |
| Source | rdacontent |
| Content type term | text |
| 337 ## - MEDIA TYPE | |
| Source | rdamedia |
| Media type term | unmediated |
| 338 ## - CARRIER TYPE | |
| Source | rdacarrier |
| Carrier type term | volume |
| 490 ## - SERIES STATEMENT | |
| Series statement | Fuentes patrísticas ; |
| Volume number/sequential designation | 18 |
| 500 ## - GENERAL NOTE | |
| General note | Incluye índices. |
| 504 ## - BIBLIOGRAPHY, ETC. NOTE | |
| Bibliography, etc | Incluye bibliográfia. |
| 546 ## - LANGUAGE NOTE | |
| Language note | Textos en latín y traducción en español. |
| 700 1# - ADDED ENTRY--PERSONAL NAME | |
| Personal name | Tertuliano, Quinto Septimio Florente. |
| Title of a work | De oratione |
| Language of a work | Español |
| 9 (RLIN) | 39941 |
| 700 1# - ADDED ENTRY--PERSONAL NAME | |
| Personal name | Vicastillo, Salvador |
| 9 (RLIN) | 39934 |
| 740 32 - ADDED ENTRY--UNCONTROLLED RELATED/ANALYTICAL TITLE | |
| Uncontrolled related/analytical title | La oración |
| 830 ## - SERIES ADDED ENTRY--UNIFORM TITLE | |
| 9 (RLIN) | 39866 |
| Uniform title | Fuentes patrísticas ; |
| Volume number/sequential designation | 18 |
| 942 ## - ADDED ENTRY ELEMENTS (KOHA) | |
| Item type | Monografías |
| Withdrawn status | Lost status | Damaged status | Not for loan | Home library | Current library | Date acquired | Total Checkouts | Full call number | Barcode | Date last seen | Price effective from | Koha item type |
|---|---|---|---|---|---|---|---|---|---|---|---|---|
| Iglesia Nacional Española en Roma | Iglesia Nacional Española en Roma | 06/10/2017 | PAT 113.18 | 44540 | 06/10/2017 | 06/10/2017 | Monografías |